[Event "GRE-chT 49th"]
[Site "Thessaloniki"]
[Date "2022.08.14"]
[Round "4.7"]
[White "Loutragotis, Paraskevas Pantelei"]
[Black "Sotiropoulos, Anastasios Theohar"]
[Result "0-1"]
[WhiteElo "1866"]
[BlackElo "1931"]
[PlyCount "120"]
[EventDate "2022.08.12"]
[EventType "team-swiss"]
[EventRounds "7"]
[EventCountry "GRE"]
[SourceTitle "CBM 209 Extra"]
[Source "ChessBase"]
[SourceDate "2022.09.30"]
[SourceVersion "1"]
[SourceVersionDate "2022.09.30"]
[SourceQuality "1"]
[WhiteTeam "Zeenon Glyfathas"]
[BlackTeam "Neapolis Sykeon"]
[WhiteTeamCountry "GRE"]
[BlackTeamCountry "GRE"]

1. d4 d5 2. c4 e6 3. Nc3 Nf6 4. Bg5 Nbd7 5. cxd5 exd5 6. e3 c6 7. Bd3 Be7 8. Nf3 0-0 9. 0-0 Re8 10. Qc2 h6 11. Bh4 Nb6 12. Ne5 Bd7 13. Rab1 a5 14. a3 Rc8 15. b4 axb4 16. axb4 Ng4 17. Nxd7 Nxd7 18. Bg3 Ngf6 19. h3 Nb6 20. Qb3 Qd7 21. Ra1 Ra8 22. Ra5 Bd6 23. Bxd6 Qxd6 24. Rfa1 g6 25. b5 Rxa5 26. Rxa5 c5 27. dxc5 Qxc5 28. Ra7 Re7 29. Ne2 Ne4 30. Ra2 Nd6 31. Rc2 Nbc4 32. Nd4 Re8 33. Be2 Ra8 34. g3 Ra3 35. Qb1 Ra5 36. Ra2 Rxa2 37. Qxa2 Nxb5 38. Qa8+ Kg7 39. Qxb7 Nxd4 40. exd4 Qxd4 41. Bf3 Nb6 42. Kg2 Qc5 43. Qa6 Nd7 44. Qd3 d4 45. Be4 Qe5 46. f4 Qd6 47. Qc4 Qc5 48. Bd5 Qxc4 49. Bxc4 f6 50. Kf3 Nc5 51. h4 Kf8 52. g4 g5 53. hxg5 hxg5 54. fxg5 fxg5 55. Bd5 Ke7 56. Be4 Kd6 57. Bf5 Kd5 58. Ke2 Kc4 59. Kd2 d3 60. Kd1 Kd4 0-1

[Event "GRE-chT Online Rapid op 1st"]
[Site "Tornelo INT"]
[Date "2021.02.21"]
[Round "9.24"]
[White "Sotiropoulos, Anastasios Theohar"]
[Black "Lagaras, Stylianos"]
[Result "1/2-1/2"]
[WhiteElo "1969"]
[BlackElo "1865"]
[PlyCount "150"]
[EventDate "2021.02.20"]
[EventType "team-swiss (rapid)"]
[EventRounds "9"]
[EventCountry "GRE"]
[SourceTitle "EXT 2023"]
[Source "ChessBase"]
[SourceDate "2022.10.05"]
[SourceVersion "1"]
[SourceVersionDate "2022.10.05"]
[SourceQuality "1"]

1. Nf3 Nf6 2. g3 d5 3. Bg2 e6 4. 0-0 Be7 5. c4 0-0 6. b3 Nc6 7. d4 Bd7 8. Nc3 dxc4 9. bxc4 Na5 10. Qd3 c5 11. d5 Bd6 12. e4 e5 13. Bd2 a6 14. Rfb1 Rb8 15. a4 Ne8 16. Nh4 Be7 17. Nf5 Bxf5 18. exf5 Nd6 19. Ne4 Naxc4 20. Nxc5 Nxd2 21. Qxd2 Nc4 22. Qd3 Bxc5 23. Qxc4 Bd4 24. Ra2 Qd6 25. Qe2 Rfc8 26. Rc2 h6 27. Be4 Rxc2 28. Qxc2 b5 29. axb5 axb5 30. Qc6 Qc5 31. Kg2 Bxf2 32. d6 Qxc6 33. Bxc6 Bc5 34. d7 b4 35. Rc1 Be7 36. Be4 Rd8 37. Rc8 b3 38. Kf3 Kf8 39. Ke2 Bf6 40. Rxd8+ Bxd8 41. Kd2 Ke7 42. Bd5 Ba5+ 43. Kd3 Kxd7 44. Bxf7 b2 45. Kc2 Bc3 46. Ba2 Bd4 47. Kd3 Ke7 48. Ke4 Kf6 49. h3 Bf2 50. Kf3 Be1 51. Bb1 Ke7 52. g4 Kd6 53. Ke2 Bc3 54. Kd3 Bd4 55. Ke4 Bc3 56. Kd3 Be1 57. Kc2 e4 58. Kd1 Bc3 59. Bxe4 Ke5 60. Bd3 Kf4 61. Kc2 Be5 62. Be2 Kg3 63. Bf1 Kf2 64. Bc4 Kg3 65. Bf1 Kf2 66. Bc4 Bf6 67. Bd3 Kg3 68. Bf1 Kf2 69. Bc4 Kg2 70. Bf7 Kxh3 71. Bh5 Kg3 72. Kb1 Kf4 73. Kc2 Ke3 74. Kb1 Kd2 75. Bf7 Ke3 1/2-1/2

[Event "GRE-chT Online Rapid op 1st"]
[Site "Tornelo INT"]
[Date "2021.02.20"]
[Round "2.22"]
[White "Sotiropoulos, Anastasios Theohar"]
[Black "Papadopoulos, Georgios Nikea"]
[Result "0-1"]
[WhiteElo "1969"]
[BlackElo "1989"]
[PlyCount "92"]
[EventDate "2021.02.20"]
[EventType "team-swiss (rapid)"]
[EventRounds "9"]
[EventCountry "GRE"]
[SourceTitle "EXT 2023"]
[Source "ChessBase"]
[SourceDate "2022.10.05"]
[SourceVersion "1"]
[SourceVersionDate "2022.10.05"]
[SourceQuality "1"]

1. Nf3 c5 2. g3 Nc6 3. c4 g6 4. Nc3 Bg7 5. Bg2 e6 6. d4 cxd4 7. Nb5 d5 8. cxd5 Qa5+ 9. Nd2 Qxb5 10. dxc6 bxc6 11. Ne4 Qb8 12. Qa4 Ne7 13. Bg5 a5 14. Bxe7 Kxe7 15. Qxc6 Qb4+ 16. Kf1 Bd7 17. Qc5+ Qxc5 18. Nxc5 Rac8 19. Nxd7 Kxd7 20. f4 Rc2 21. b3 d3 22. Rd1 d2 23. e4 Rxa2 24. e5 Rc8 25. Be4 Bf8 26. Ke2 Bb4 27. Bd3 Ke7 28. g4 Rc3 29. Rxd2 Rxd2+ 30. Kxd2 Rxb3+ 31. Kc2 Rc3+ 32. Kd2 Rc4+ 33. Ke3 Bc5+ 34. Kf3 Rc3 35. Ke2 a4 36. Rb1 Kf8 37. f5 gxf5 38. gxf5 exf5 39. Bxf5 Re3+ 40. Kd2 Rxe5 41. Bxh7 Rh5 42. Be4 Rxh2+ 43. Kc3 a3 44. Kb3 f6 45. Rf1 Ke7 46. Rf5 a2 0-1

[Event "Thessaloniki Novidis op 8th"]
[Site "Thessaloniki"]
[Date "2019.06.15"]
[Round "2"]
[White "Sotiropoulos, Anastasios Theohar"]
[Black "Argiroudis, Stamatis"]
[Result "1-0"]
[WhiteElo "1879"]
[BlackElo "2288"]
[PlyCount "87"]
[EventDate "2019.06.14"]
[EventType "swiss"]
[EventRounds "7"]
[EventCountry "GRE"]
[SourceTitle "EXT 2020"]
[Source "ChessBase"]
[SourceDate "2019.10.17"]
[SourceVersion "1"]
[SourceVersionDate "2019.10.17"]
[SourceQuality "1"]

1. Nf3 Nf6 2. g3 b5 3. Bg2 Bb7 4. a4 b4 5. 0-0 e6 6. d3 c5 7. e4 d6 8. Re1 Nbd7 9. Nbd2 Be7 10. Nc4 e5 11. Nh4 g6 12. Bg5 h6 13. Bc1 Qc7 14. Nf3 Nb6 15. Nfd2 0-0 16. Nf1 Kh7 17. Nfe3 Ng8 18. h4 Qd7 19. b3 Bf6 20. h5 Bg7 21. Bb2 Nf6 22. hxg6+ fxg6 23. Nxb6 axb6 24. Kh2 Bc8 25. Qe2 h5 26. Rh1 Bh6 27. Bf3 Qf7 28. Kg2 Bxe3 29. Qxe3 Bg4 30. Bc1 Qg7 31. Qe2 Bxf3+ 32. Qxf3 Ra7 33. Qe2 Raf7 34. Be3 Kg8 35. Rhf1 g5 36. f3 Qg6 37. Rh1 d5 38. exd5 Nxd5 39. Raf1 h4 40. Bc1 g4 41. fxg4 hxg3 42. Kxg3 Nf4 43. Qxe5 Rf5 44. Rh8+ 1-0

[Event "GRE-ch U18"]
[Site "Rethymno"]
[Date "2019.01.08"]
[Round "9"]
[White "Sotiropoulos, Anastasios Theohar"]
[Black "Alexakis, Dimitris"]
[Result "1/2-1/2"]
[WhiteElo "1944"]
[BlackElo "2257"]
[PlyCount "171"]
[EventDate "2019.01.02"]
[EventType "swiss"]
[EventRounds "9"]
[EventCountry "GRE"]
[SourceTitle "CBM 188 Extra"]
[Source "ChessBase"]
[SourceDate "2019.02.28"]
[SourceVersion "1"]
[SourceVersionDate "2019.02.28"]
[SourceQuality "1"]

1. Nf3 Nf6 2. g3 d5 3. Bg2 c5 4. 0-0 Nc6 5. d4 e6 6. c4 cxd4 7. Nxd4 Qb6 8. Nb3 dxc4 9. N3d2 Qa6 10. Qc2 Nd4 11. Qd1 Bd7 12. e3 Nc6 13. Nc3 Ne5 14. b3 cxb3 15. Qxb3 Bc6 16. Nde4 Be7 17. Bb2 Ned7 18. Rac1 Rc8 19. Nxf6+ Nxf6 20. Ne4 Nxe4 21. Bxe4 0-0 22. Bxc6 Rxc6 23. Rxc6 Qxc6 24. Rc1 Qf3 25. Rd1 Bf6 26. Bxf6 gxf6 27. Qc2 Kg7 28. Rd7 b5 29. Qc7 Kg6 30. Qb7 Qf5 31. Kg2 a5 32. Qc7 Qe4+ 33. Kh3 h5 34. Qb7 Qf5+ 35. Kg2 h4 36. h3 hxg3 37. fxg3 Qc2+ 38. Kf3 Qf5+ 39. Kg2 b4 40. Rd4 Qc2+ 41. Kf3 f5 42. Qe7 Qc6+ 43. Kf2 Rc8 44. h4 Qc2+ 45. Kf3 f4 46. Qg5+ Kh7 47. Qxf4 Kg7 48. Qg5+ Qg6 49. Qxa5 f5 50. Qxb4 Rf8 51. Qe7+ Rf7 52. Qg5 Qxg5 53. hxg5 Kg6 54. Rd6 Ra7 55. Rxe6+ Kxg5 56. Re8 Rxa2 57. Rg8+ Kf6 58. Rd8 Kg5 59. Rg8+ Kf6 60. g4 fxg4+ 61. Rxg4 Kf5 62. Rf4+ Ke5 63. Rh4 Kf5 64. Rh5+ Kg6 65. Rb5 Kf6 66. Ke4 Ke6 67. Rb6+ Ke7 68. Ke5 Ra5+ 69. Kf4 Kd7 70. e4 Ke7 71. Rb7+ Ke6 72. Rb6+ Ke7 73. e5 Ra1 74. Rb3 Rf1+ 75. Ke4 Re1+ 76. Re3 Rxe3+ 77. Kxe3 Ke6 78. Ke4 Ke7 79. Kd4 Ke6 80. Ke4 Ke7 81. Kf5 Kf7 82. e6+ Ke7 83. Ke5 Ke8 84. Kd6 Kd8 85. e7+ Ke8 86. Ke6 1/2-1/2

[Event "GRE-ch U18"]
[Site "Rethymno"]
[Date "2019.01.03"]
[Round "3"]
[White "Sotiropoulos, Anastasios Theohar"]
[Black "Bairamian, Artur"]
[Result "1/2-1/2"]
[WhiteElo "1944"]
[BlackElo "1411"]
[PlyCount "133"]
[EventDate "2019.01.02"]
[EventType "swiss"]
[EventRounds "9"]
[EventCountry "GRE"]
[SourceTitle "CBM 188 Extra"]
[Source "ChessBase"]
[SourceDate "2019.02.28"]
[SourceVersion "1"]
[SourceVersionDate "2019.02.28"]
[SourceQuality "1"]

1. Nf3 Nf6 2. g3 c5 3. c4 Nc6 4. Nc3 d5 5. d4 Bf5 6. Bg2 e6 7. 0-0 Be7 8. cxd5 exd5 9. dxc5 Bxc5 10. Qb3 Nb4 11. Be3 Bc2 12. Qa3 Be7 13. b3 Bf5 14. Qc1 Ne4 15. Nd4 Nxc3 16. Qxc3 Rc8 17. Qd2 Bd7 18. Rac1 Rxc1 19. Rxc1 Qa5 20. Nc2 Be6 21. a3 Nc6 22. Qxa5 Nxa5 23. b4 Nc4 24. Bxa7 0-0 25. Bd4 Rc8 26. Ne3 Nxa3 27. Rxc8+ Bxc8 28. Nxd5 Bd8 29. Bb6 Bxb6 30. Nxb6 Be6 31. Bxb7 Nc2 32. Nd5 Bxd5 33. Bxd5 Nxb4 34. Bb7 Nc2 35. e3 Nb4 36. Kf1 Nd3 37. Ke2 Ne5 38. f4 Nc4 39. Kd3 Nd6 40. Bd5 Kf8 41. e4 Ke7 42. e5 Ne8 43. Bc6 Nc7 44. f5 f6 45. Ke4 Na6 46. Bb5 Nc7 47. Bc4 Ne8 48. Bb5 Nc7 49. Bc6 Na6 50. e6 g6 51. Kf4 Nc5 52. Bd5 Nd3+ 53. Ke4 Nf2+ 54. Kf3 Nd3 55. fxg6 hxg6 56. Be4 Ne5+ 57. Kf4 Kxe6 58. h4 f5 59. Bc2 Kf6 60. Bb1 Ng4 61. Bd3 Ne5 62. Be2 Nf7 63. Bc4 Nd6 64. Bd5 Ne8 65. Ke3 Ng7 66. Bf3 Ne6 67. Bd5 1/2-1/2

[Event "Thessaloniki ESSTH HALK-ch U16 11th"]
[Site "Thessaloniki"]
[Date "2018.11.25"]
[Round "6.1"]
[White "Sotiropoulos, Anastasios Theohar"]
[Black "Tsoukalas, Panagiotis"]
[Result "1-0"]
[WhiteElo "1964"]
[BlackElo "1035"]
[PlyCount "127"]
[EventDate "2018.11.03"]
[EventType "swiss"]
[EventRounds "6"]
[EventCountry "GRE"]
[SourceTitle "EXT 2024"]
[Source "ChessBase"]
[SourceDate "2023.10.10"]
[SourceVersion "1"]
[SourceVersionDate "2023.10.10"]
[SourceQuality "1"]

1. Nf3 d6 2. d4 Nd7 3. c4 c5 4. Nc3 Ngf6 5. g3 b6 6. Bg2 Bb7 7. 0-0 e6 8. Re1 cxd4 9. Qxd4 Be7 10. b3 Qc7 11. Nb5 Qb8 12. Bb2 a6 13. Nc3 0-0 14. Rad1 Rd8 15. e4 e5 16. Qe3 h6 17. h3 Qc7 18. Nh4 Bf8 19. Nf5 Kh7 20. Qe2 g6 21. Ne3 Nc5 22. Ned5 Nxd5 23. Nxd5 Bxd5 24. cxd5 Bg7 25. Rc1 Qe7 26. h4 h5 27. Bh3 Nd7 28. Rc7 Rac8 29. Rec1 Qe8 30. Bxd7 Rxd7 31. Rxc8 Qe7 32. R1c6 a5 33. Rxb6 Rc7 34. Rxc7 Qxc7 35. Rc6 Qd7 36. Ba3 Bf8 37. Qc2 Be7 38. Rc7 Qe8 39. Qc6 Qxc6 40. Rxc6 g5 41. hxg5 Bxg5 42. Bxd6 h4 43. gxh4 Bxh4 44. Bxe5 Bg5 45. f4 Be7 46. Rc7 Bb4 47. Rxf7+ Kg8 48. Rb7 Bf8 49. Rb8 Kf7 50. Rxf8+ Kxf8 51. Kf2 Ke7 52. Ke3 a4 53. bxa4 Kf7 54. Kd4 Ke7 55. Kc5 Kd7 56. f5 Ke7 57. Bd4 Kd7 58. f6 Ke8 59. e5 Kf8 60. e6 Ke8 61. d6 Kd8 62. f7 Kc8 63. Kc6 Kb8 64. f8Q# 1-0

[Event "Thessaloniki ESSTH HALK-ch U16 11th"]
[Site "Thessaloniki"]
[Date "2018.11.03"]
[Round "1.1"]
[White "Manassis, Theoharis"]
[Black "Sotiropoulos, Anastasios Theohar"]
[Result "0-1"]
[WhiteElo "1210"]
[BlackElo "1960"]
[PlyCount "58"]
[EventDate "2018.11.03"]
[EventType "swiss"]
[EventRounds "6"]
[EventCountry "GRE"]
[SourceTitle "EXT 2024"]
[Source "ChessBase"]
[SourceDate "2023.10.10"]
[SourceVersion "1"]
[SourceVersionDate "2023.10.10"]
[SourceQuality "1"]

1. e4 c6 2. d4 d5 3. e5 Bf5 4. Nf3 e6 5. Bd3 Ne7 6. Nh4 Bxd3 7. Qxd3 Nd7 8. 0-0 c5 9. c3 Nc6 10. Nf3 Be7 11. Bf4 Qb6 12. b3 h6 13. Nbd2 cxd4 14. cxd4 Rc8 15. a3 a5 16. Rfc1 0-0 17. Nb1 Rc7 18. Nc3 Na7 19. Na4 Rxc1+ 20. Bxc1 Qb5 21. Qxb5 Nxb5 22. Bd2 Bxa3 23. Nc3 Bb2 24. Nxb5 Bxa1 25. Bxa5 Ra8 26. Bd2 Bb2 27. h3 Nb8 28. Nd6 Nc6 29. Nxb7 Nxd4 0-1

[Event "GRE-chT 46th"]
[Site "Rio Achaia"]
[Date "2018.07.15"]
[Round "7.5"]
[White "Sotiropoulos, Anastasios Theohar"]
[Black "Marinakis, Hristos"]
[Result "1/2-1/2"]
[WhiteElo "1834"]
[BlackElo "1942"]
[PlyCount "82"]
[EventDate "2018.07.10"]
[EventType "team"]
[EventRounds "7"]
[EventCountry "GRE"]
[SourceTitle "CBM 185 Extra"]
[Source "ChessBase"]
[SourceDate "2018.07.29"]
[SourceVersion "1"]
[SourceVersionDate "2018.07.29"]
[SourceQuality "1"]
[WhiteTeam "Nepolis"]
[BlackTeam "Chania OA"]
[WhiteTeamCountry "GRE"]
[BlackTeamCountry "GRE"]

1. Nf3 Nf6 2. g3 d6 3. d4 g6 4. b3 Bg7 5. Bb2 Nbd7 6. Bg2 0-0 7. 0-0 c6 8. c4 Qc7 9. Nc3 e5 10. Rc1 Rd8 11. e3 Nf8 12. h3 a6 13. Qc2 Rb8 14. Rfd1 exd4 15. Nxd4 Ne6 16. Nxe6 fxe6 17. e4 e5 18. c5 Ne8 19. Ba3 Be6 20. cxd6 Nxd6 21. Nd5 Bxd5 22. Bxd6 Rxd6 23. Rxd5 Rbd8 24. Rcd1 Qe7 25. Rxd6 Rxd6 26. Rxd6 Qxd6 27. Bf1 b5 28. a4 Bf8 29. Bd3 Qd4 30. Kg2 Bc5 31. Bf1 Kf7 32. h4 Ke7 33. Kf3 Bb6 34. Bh3 Kd8 35. Be6 Kc7 36. axb5 axb5 37. Bd5 Bc5 38. Be6 Kb6 39. Bh3 Ka5 40. Kg2 Kb4 41. Kf1 Ka5 1/2-1/2

[Event "GRE-chT 46th"]
[Site "Rio Achaia"]
[Date "2018.07.13"]
[Round "5.3"]
[White "Triantos, Konstantinos"]
[Black "Sotiropoulos, Anastasios Theohar"]
[Result "0-1"]
[WhiteElo "2078"]
[BlackElo "1834"]
[PlyCount "60"]
[EventDate "2018.07.10"]
[EventType "team"]
[EventRounds "7"]
[EventCountry "GRE"]
[SourceTitle "CBM 185 Extra"]
[Source "ChessBase"]
[SourceDate "2018.07.29"]
[SourceVersion "1"]
[SourceVersionDate "2018.07.29"]
[SourceQuality "1"]
[WhiteTeam "Heraklion"]
[BlackTeam "Nepolis"]
[WhiteTeamCountry "GRE"]
[BlackTeamCountry "GRE"]

1. e4 e6 2. d4 d5 3. Nd2 Be7 4. Bd3 c5 5. dxc5 Nf6 6. Qe2 0-0 7. Ngf3 a5 8. 0-0 Na6 9. e5 Nd7 10. c3 Naxc5 11. Bc2 b6 12. Re1 Ba6 13. Qe3 f6 14. b4 fxe5 15. bxc5 Bxc5 16. Nd4 Qf6 17. N2f3 Rae8 18. Bd2 h6 19. Nxe5 Nxe5 20. Qxe5 Qxf2+ 21. Kh1 Qxd2 22. Nxe6 Rf6 23. Bf5 Qf2 24. Qc7 Bf8 25. Bh3 Bc8 26. Qc6 Bxe6 27. Qxe8 Bxh3 28. gxh3 Qf3+ 29. Kg1 Kh7 30. Rad1 Bc5+ 0-1

[Event "GRE-chT 46th"]
[Site "Rio Achaia"]
[Date "2018.07.11"]
[Round "2.10"]
[White "Sotiropoulos, Anastasios Theohar"]
[Black "Apostolidis, Angelos"]
[Result "1-0"]
[WhiteElo "1834"]
[BlackElo "1117"]
[PlyCount "65"]
[EventDate "2018.07.10"]
[EventType "team"]
[EventRounds "7"]
[EventCountry "GRE"]
[SourceTitle "CBM 185 Extra"]
[Source "ChessBase"]
[SourceDate "2018.07.29"]
[SourceVersion "1"]
[SourceVersionDate "2018.07.29"]
[SourceQuality "1"]
[WhiteTeam "Nepolis"]
[BlackTeam "Florence FL"]
[WhiteTeamCountry "GRE"]
[BlackTeamCountry "GRE"]

1. Nf3 Nf6 2. c4 g6 3. g3 Bg7 4. Bg2 0-0 5. 0-0 d6 6. d4 Nbd7 7. Nc3 e5 8. h3 Rb8 9. e4 Re8 10. Re1 b6 11. Be3 Bb7 12. d5 c5 13. dxc6 Bxc6 14. Qxd6 Bxe4 15. Rad1 Re6 16. Qd2 Bc6 17. Ng5 Qe7 18. Nxe6 Qxe6 19. Nd5 Bxd5 20. cxd5 Qd6 21. Rc1 Nc5 22. Bg5 a5 23. Be3 Rd8 24. Bxc5 bxc5 25. Qxa5 Nxd5 26. Red1 Qc6 27. Qxd8+ Bf8 28. Rxd5 Qf6 29. Qxf6 Bg7 30. Rd8+ Bf8 31. Rxc5 h5 32. Rxf8+ Kxf8 33. Rc8# 1-0

[Event "GRE-chT 46th"]
[Site "Rio Achaia"]
[Date "2018.07.10"]
[Round "1.1"]
[White "Chatzieleftheriou, Andreas"]
[Black "Sotiropoulos, Anastasios Theohar"]
[Result "1/2-1/2"]
[WhiteElo "2012"]
[BlackElo "1834"]
[PlyCount "47"]
[EventDate "2018.07.10"]
[EventType "team"]
[EventRounds "7"]
[EventCountry "GRE"]
[SourceTitle "CBM 185 Extra"]
[Source "ChessBase"]
[SourceDate "2018.07.29"]
[SourceVersion "1"]
[SourceVersionDate "2018.07.29"]
[SourceQuality "1"]
[WhiteTeam "Nikaia Fysiolatris"]
[BlackTeam "Nepolis"]
[WhiteTeamCountry "GRE"]
[BlackTeamCountry "GRE"]

1. e4 c6 2. d4 d5 3. Nd2 dxe4 4. Nxe4 Nd7 5. Bd3 Ngf6 6. Ng5 e6 7. N1f3 Bd6 8. c3 h6 9. Ne4 Nxe4 10. Bxe4 Nf6 11. Bc2 Qc7 12. h3 b6 13. Qe2 Bb7 14. Ne5 0-0-0 15. 0-0 c5 16. a4 g5 17. Bd3 Kb8 18. a5 Rdg8 19. axb6 axb6 20. Ba6 Ba8 21. Bb5 Bb7 22. Ba6 Ba8 23. Bb5 Bb7 24. Ba6 1/2-1/2

[Event "GRE-ch U16"]
[Site "Rio Achaia"]
[Date "2018.07.08"]
[Round "8"]
[White "Papadopoulos, Petros"]
[Black "Sotiropoulos, Anastasios Theohar"]
[Result "1/2-1/2"]
[WhiteElo "1978"]
[BlackElo "1834"]
[PlyCount "66"]
[EventDate "2018.07.03"]
[EventType "swiss"]
[EventRounds "9"]
[EventCountry "GRE"]
[SourceTitle "EXT 2019"]
[Source "ChessBase"]
[SourceDate "2018.10.10"]
[SourceVersion "1"]
[SourceVersionDate "2018.10.10"]
[SourceQuality "1"]

1. Nf3 d5 2. g3 Nf6 3. Bg2 c6 4. 0-0 Bg4 5. d3 Nbd7 6. Nbd2 e6 7. e4 dxe4 8. dxe4 Ne5 9. Qe1 Nxf3+ 10. Nxf3 Bxf3 11. Bxf3 e5 12. Qe2 Be7 13. Bg2 Qb6 14. c3 0-0 15. h3 Rad8 16. b4 c5 17. Be3 Qc7 18. a3 Rd7 19. Rfc1 Rfd8 20. f3 cxb4 21. cxb4 Qb8 22. Qf2 b6 23. Bf1 Rc8 24. Bc4 Ne8 25. Bd5 Rdc7 26. Qa2 Nd6 27. Kg2 Rxc1 28. Rxc1 Rxc1 29. Bxc1 Qc7 30. Qd2 Ne8 31. Bb2 Bd6 32. h4 Nf6 33. Bb3 Qd7 1/2-1/2

[Event "GRE-ch U16"]
[Site "Rio Achaia"]
[Date "2018.07.07"]
[Round "7"]
[White "Koutis, Pavlos"]
[Black "Sotiropoulos, Anastasios Theohar"]
[Result "0-1"]
[WhiteElo "1655"]
[BlackElo "1834"]
[PlyCount "111"]
[EventDate "2018.07.03"]
[EventType "swiss"]
[EventRounds "9"]
[EventCountry "GRE"]
[SourceTitle "EXT 2019"]
[Source "ChessBase"]
[SourceDate "2018.10.10"]
[SourceVersion "1"]
[SourceVersionDate "2018.10.10"]
[SourceQuality "1"]

1. e4 c6 2. d4 d5 3. Nd2 dxe4 4. Nxe4 Bf5 5. Ng3 Bg6 6. h4 h6 7. Nf3 Nf6 8. h5 Bh7 9. Bd3 Bxd3 10. Qxd3 e6 11. Bd2 Qb6 12. 0-0-0 Qa6 13. Qxa6 Nxa6 14. Rhe1 Be7 15. Ne5 0-0 16. c3 Rfd8 17. Be3 Bd6 18. f4 Nb8 19. Bd2 Nbd7 20. Rh1 c5 21. Rde1 cxd4 22. cxd4 Rac8+ 23. Kb1 Nb6 24. Ne4 Nxe4 25. Rxe4 Nc4 26. Nxc4 Rxc4 27. Rc1 Rxc1+ 28. Kxc1 Bc7 29. g3 Kf8 30. Bc3 Rd5 31. Kd2 Rxh5 32. Ke2 Rd5 33. Kf3 h5 34. Re2 g6 35. Rh2 Ke7 36. Re2 Ba5 37. Bxa5 Rxa5 38. a3 Kd6 39. Ke4 Ra6 40. Rc2 Rc6 41. Rd2 Rc1 42. Rd3 b6 43. Ke3 Kd5 44. Kd2 Rc4 45. Ke3 Rc2 46. b3 b5 47. b4 a6 48. a4 Kc4 49. axb5 axb5 50. Rd1 Kxb4 51. d5 exd5 52. Rxd5 Rc3+ 53. Kf2 Rc7 54. f5 Rc5 55. Rd4+ Kc3 56. g4 0-1

[Event "GRE-ch U16"]
[Site "Rio Achaia"]
[Date "2018.07.06"]
[Round "6"]
[White "Sotiropoulos, Anastasios Theohar"]
[Black "Nikolakis, Panagiotis Marios"]
[Result "0-1"]
[WhiteElo "1834"]
[BlackElo "1941"]
[PlyCount "114"]
[EventDate "2018.07.03"]
[EventType "swiss"]
[EventRounds "9"]
[EventCountry "GRE"]
[SourceTitle "EXT 2019"]
[Source "ChessBase"]
[SourceDate "2018.10.10"]
[SourceVersion "1"]
[SourceVersionDate "2018.10.10"]
[SourceQuality "1"]

1. Nf3 Nf6 2. g3 d5 3. Bg2 c5 4. 0-0 Nc6 5. d4 e6 6. c4 dxc4 7. Qa4 Bd7 8. Qxc4 b5 9. Qd3 c4 10. Qd1 Rc8 11. b3 Be7 12. a4 Na5 13. bxc4 bxc4 14. Bb2 Bc6 15. Nc3 Nb3 16. Ra2 Bxf3 17. Bxf3 Nxd4 18. Bb7 Rc7 19. Bg2 0-0 20. e3 Nb3 21. Nb5 Rd7 22. Qe2 Qc8 23. Bc3 a6 24. Na3 Bxa3 25. Rxa3 Nd5 26. Qc2 Nxc3 27. Qxc3 Rd3 28. Rxb3 Rxc3 29. Rxc3 Qc5 30. Rfc1 g6 31. Rxc4 Qa5 32. Bf1 Kg7 33. Rc6 Ra8 34. Bg2 Rb8 35. R6c4 Rb2 36. Be4 Ra2 37. Bc6 Qd2 38. Rf1 Rc2 39. Rd4 Qa5 40. Bf3 Rb2 41. Bd1 Qc5 42. Rd3 h5 43. h4 Rb4 44. Rd7 Qe5 45. Ra7 Qd6 46. Ra8 Qd3 47. Ra7 Rb2 48. Rc7 Rd2 49. Rc1 Qe4 50. Rc5 Qb4 51. Rc6 g5 52. hxg5 h4 53. gxh4 Rxd1 54. Rxd1 Qg4+ 55. Kh2 Qxh4+ 56. Kg1 Qg4+ 57. Kh2 Qxd1 0-1

[Event "GRE-ch Schools Lykeia 30th"]
[Site "Peristeri"]
[Date "2018.04.02"]
[Round "9"]
[White "Sotiropoulos, Anastasios Theohar"]
[Black "Giannoulakis, Labros"]
[Result "1-0"]
[WhiteElo "1777"]
[BlackElo "2204"]
[PlyCount "87"]
[EventDate "2018.04.01"]
[EventType "swiss (rapid)"]
[EventRounds "9"]
[EventCountry "GRE"]
[SourceTitle "EXT 2019"]
[Source "ChessBase"]
[SourceDate "2018.10.10"]
[SourceVersion "1"]
[SourceVersionDate "2018.10.10"]
[SourceQuality "1"]

1. Nf3 Nf6 2. c4 c5 3. Nc3 Nc6 4. g3 d5 5. d4 e6 6. cxd5 Nxd5 7. Bg2 cxd4 8. Nxd4 Nxc3 9. bxc3 Nxd4 10. Qxd4 Qxd4 11. cxd4 Bb4+ 12. Bd2 Bxd2+ 13. Kxd2 Rb8 14. Rhc1 Kd8 15. Rc3 Bd7 16. Rac1 Rf8 17. Rb1 b6 18. Ra3 a5 19. Rxa5 Ke7 20. Ra7 Rfc8 21. e3 b5 22. Rb4 Rb6 23. a4 Kd6 24. axb5 Rcb8 25. e4 f6 26. e5+ fxe5 27. dxe5+ Kc5 28. Rb1 Bxb5 29. Rxg7 Rd8+ 30. Ke1 h5 31. Rc7+ Kd4 32. Rb4+ Kxe5 33. Rc5+ Kf6 34. Rcxb5 Rbd6 35. Rb1 h4 36. R5b2 hxg3 37. hxg3 Rd4 38. Rb4 R4d6 39. R1b2 R6d7 40. Ke2 Rd6 41. Be4 Ke5 42. f4+ Kf6 43. g4 Rh8 44. g5+ 1-0

[Event "GRE-ch Schools Lykeia 30th"]
[Site "Peristeri"]
[Date "2018.04.01"]
[Round "2"]
[White "Kollias, Ioannis K"]
[Black "Sotiropoulos, Anastasios Theohar"]
[Result "1-0"]
[WhiteElo "1566"]
[BlackElo "1777"]
[PlyCount "56"]
[EventDate "2018.04.01"]
[EventType "swiss (rapid)"]
[EventRounds "9"]
[EventCountry "GRE"]
[SourceTitle "EXT 2019"]
[Source "ChessBase"]
[SourceDate "2018.10.10"]
[SourceVersion "1"]
[SourceVersionDate "2018.10.10"]
[SourceQuality "1"]

1. d4 d5 2. c4 e6 3. Nc3 Nf6 4. Bg5 Nbd7 5. cxd5 exd5 6. e3 c6 7. Bd3 Be7 8. Nf3 Nh5 9. Bxe7 Qxe7 10. 0-0 g6 11. Qc2 0-0 12. Rab1 a5 13. a3 f5 14. b4 axb4 15. axb4 f4 16. e4 dxe4 17. Nxe4 Ndf6 18. Nc5 Nd5 19. Rfe1 Qd6 20. Ne5 f3 21. Nxf3 Ndf4 22. Qc4+ Kg7 23. Ng5 Nxd3 24. Nxd3 Nf4 25. Nxf4 Qxf4 26. Re7+ Kf6 27. Re5 h6 28. Nh7+ Kg7 1-0

[Event "GRE-chT 45th"]
[Site "Achaia"]
[Date "2017.07.08"]
[Round "7.7"]
[White "Michaelides, Konstantinos"]
[Black "Sotiropoulos, Anastasios Theohar"]
[Result "0-1"]
[WhiteElo "2127"]
[BlackElo "1757"]
[PlyCount "138"]
[EventDate "2017.07.03"]
[EventType "team-swiss"]
[EventRounds "7"]
[EventCountry "GRE"]
[SourceTitle "CBM 179 Extra"]
[Source "ChessBase"]
[SourceDate "2017.08.23"]
[SourceVersion "1"]
[SourceVersionDate "2017.08.23"]
[SourceQuality "1"]
[WhiteTeam "Korinthias Argonaftis"]
[BlackTeam "Sykeon Neapolis"]
[WhiteTeamCountry "GRE"]
[BlackTeamCountry "GRE"]

1. e4 c6 2. d4 d5 3. e5 Bf5 4. g4 Bg6 5. h4 h5 6. e6 Qd6 7. exf7+ Bxf7 8. g5 Nd7 9. f4 0-0-0 10. Nf3 e6 11. Nc3 Bg6 12. Be3 Ne7 13. Qd2 Bf5 14. 0-0-0 Kb8 15. Be2 g6 16. Ne5 Nxe5 17. dxe5 Qc7 18. Na4 b6 19. b4 Be4 20. Rh3 Nf5 21. Bf2 Be7 22. Rb3 d4 23. Bf3 Bxf3 24. Rxf3 Rd5 25. Kb1 Rhd8 26. Ka1 Ka8 27. Nb2 c5 28. bxc5 bxc5 29. Qd3 c4 30. Nxc4 Rc8 31. Nb2 Qxc2 32. Qxc2 Rxc2 33. Kb1 Re2 34. Rc1 d3 35. Nxd3 Ba3 36. Rc3 Rb5+ 37. Rb3 Ra5 38. Nb4 Bxb4 39. Rxb4 Rexa2 40. Rfb3 Ra1+ 41. Kc2 R5a2+ 42. Kd3 Rd1+ 43. Ke4 Rd8 44. Bc5 Ra6 45. Bd6 Rb6 46. Rxb6 axb6 47. Rxb6 Re8 48. Rc6 Nxh4 49. Kd4 Kb7 50. Rc7+ Kb6 51. Kc4 Nf5 52. Kb4 Rh8 53. Rc3 h4 54. Bc5+ Kc6 55. Kc4 h3 56. Bg1 h2 57. Kd3+ Kd7 58. Bxh2 Rxh2 59. Ke4 Rg2 60. Ra3 Rg3 61. Ra7+ Kc8 62. Ra8+ Kb7 63. Ra3 Nd6+ 64. exd6 Rxa3 65. Ke5 Re3+ 66. Kf6 Kc6 67. Kxg6 Kxd6 68. f5 exf5 69. Kxf5 Ke7 0-1